| 000 | 00384nam a22001577a 4500 | ||
|---|---|---|---|
| 003 | SGT | ||
| 082 |
_a615.53 _bJ12A |
||
| 100 | _aAACHARYA, SHREE RAM SHARMA | ||
| 245 | _aJIVAN DEVTHA KI SADHNA- ARADHNA | ||
| 250 | _a1ST | ||
| 260 |
_aMATHURA _bAAKHAND JYOTI SANSTHAN _c2012 |
||
| 300 | _a360 | ||
| 650 | _aAYURVEDA | ||
| 653 | _aJIVAN, DEVTHA , SADHNA, ARADHNA | ||
| 942 |
_2ddc _cRARE |
||
| 999 |
_c25305 _d25305 |
||